000 00491nam a2200193Ia 4500
008 151121s9999||||xx |||||||||||||| ||und||
082 _a828/Jud
082 _bHNW-66257
100 _aJudge W। Q।
245 _aLetters That Have Helped Me
260 _bThe Theosophy Company।
260 _c--
300 _a300
600 _aJudge W। Q।
630 _aLetters That Have Helped Me
700 _aJudge W। Q।
730 _aLetters That Have Helped Me
942 _cBOOK
999 _c1247754
_d1247751